000
00296nam a22001337a 4500
008
170503b xxu||||| |||| 00| 0 eng d
020
_a
9780735544192
041
_a
eng
080
_2
6 ED
_a
34
100
_a
13
101
_a
SHJ
245
_a
EMANUEL LAW OUTINES
_c
CROSS.J.T
942
_2
udc
_c
BK
999
_c
12493
_d
12493